000 00201nam a2200085Ia 4500
008 170620s9999 xx 000 0 und d
100 _aKapoor - S.K.
245 0 _aSpecific relief Act
260 _bCentral Law Agency
260 _c1999
999 _c28577
_d28577